000
00339nam a22001457a 4500
008
230907b ||||| |||| 00| 0 eng d
020
_a
0716719751
041
_a
eng
080
_2
SECOND EDITION
_a
574
082
_a
574STA
100
_a
44
101
_a
MJEDISI
245
_a
EARTH AND LIFE THROUGH TIME
_c
STANLEY .M.S
942
_2
udc
_c
BK
999
_c
60299
_d
60299